| 000 | 00700nam a2200265Ia 4500 | ||
|---|---|---|---|
| 003 | OSt | ||
| 005 | 20221005022515.0 | ||
| 006 | a|||||r|||| 00| 0 | ||
| 007 | ta | ||
| 008 | 221004b |||||||| |||| 00| 0 eng d | ||
| 020 | _a8171673821 (pbk) | ||
| 024 | _a120852 | ||
| 037 |
_bGift, 10/08/2012, _cTextual |
||
| 040 |
_aCRL _cCRL _beng |
||
| 041 |
_2eng _aeng |
||
| 082 | _aU8.2.N7, N5 | ||
| 100 | _aPaz Octavio | ||
| 245 | 0 | _aIn light of India | |
| 260 |
_aAllahabad _bRupa & Co. _c1995 |
||
| 300 |
_a209p. _ccm. |
||
| 650 | _a VOYAGES AND TRAVELS | ||
| 650 | _aGEOGRAPHY | ||
| 942 |
_hU8.2.N7, N5 _cTEXL _2cc |
||
| 999 |
_c929519 _d929519 |
||